Normal view
MARC view
Entry Topical Term
001 - CONTROL NUMBER
- control field: 5986
003 - CONTROL NUMBER IDENTIFIER
- control field: BD-RjUL
005 - DATE AND TIME OF LATEST TRANSACTION
- control field: 20221122163817.0
008 - FIXED-LENGTH DATA ELEMENTS
- fixed length control field: 221122|| aca||aabn | a|a d
040 ## - CATALOGING SOURCE
- Original cataloging agency: BD-RjUL
- Transcribing agency: BD-RjUL
150 ## - HEADING--TOPICAL TERM
- Topical term or geographic name entry element: Proteins
670 ## - SOURCE DATA FOUND
- Source citation: Work cat.: (BD-RjUL)80831: Rahman, Md. Lutfor 2089, Comparative studies on the nutrient content of five varictics of rice brans and purification, characterization and structure function analysis of proteins from the best quality rice bran /, 2007